Football (Soccer) Positions - Statistics

General Stats
  • This quiz has been taken 86 times
  • The average score is 9 of 17
Answer Stats
Position % Correct
Goalkeeper
95%
Left Wing
84%
Right Back
84%
Striker
84%
Left Back
83%
Centre Back
70%
Centre Midfield
54%
Left Midfield
54%
Right Midfield
54%
Left Wing Back
51%
Right Wing Back
51%
Centre Forward
49%
Right Winger
38%
Right Forward
36%
Left Forward
34%
Attacking Midfield
26%
Defensive Midfied
0%
No matching quizzes found
Score Distribution
Percent of People with Each Score
Percentile by Number Answered
Your Score History
You have not taken this quiz